LA AGONIA DE UN MUNDO/

Guardado en:
Bibliografiske detaljer
Hovedforfatter: Gallegos Rocafull, José M. (autor)
Format: Bog
Tags: Tilføj Tag
Ingen Tags, Vær først til at tagge denne postø!

MARC

LEADER 00000nam^a2200000^a^4500
001 000213553
005 20250521000000.0
009 20260310103529.095
035 |a 036153 
037 |a Acervo Xavier Clavigero 
082 |a 257.  |b GAL 
100 |a Gallegos Rocafull, José M.  |e (autor) 
245 1 3 |a LA AGONIA DE UN MUNDO/  |c JOSE M. GALLEGOS ROCAFULL 
264 |a MEXICO :  |b UNIVERSIDAD IBEROAMERICANA,  |c 1976 
300 |a 264p. 
336 |a texto  |b txt  |2 rdacontenido 
337 |a sin mediación  |b n  |2 rdamedio 
338 |a volumen  |b nc  |2 rdasoporte 
649 |a XX 
910 |a Fondo General 
920 |a Impresos - Libros 
930 |a Colección General 
905 |a 101 
901 |a 036153  |b IT1  |c ACC  |i 036153  |u 20250521 
902 |a https://opac.biblio.iteso.mx/vufind/Record/000213553